| 000 | 00690nam a2200241Ia 4500 | ||
|---|---|---|---|
| 003 | OSt | ||
| 005 | 20220918223931.0 | ||
| 006 | a|||||r|||| 00| 0 | ||
| 007 | ta | ||
| 008 | 220917b |||||||| |||| 00| 0 eng d | ||
| 024 | _a225,762 | ||
| 037 | _cTextual | ||
| 040 |
_aARTS _cARTS _beng |
||
| 041 |
_2eng _aeng |
||
| 082 | _aNT44,N, P6(MIL)-;1 | ||
| 100 | _aDalmia Vasudha | ||
| 245 | 0 |
_aPoetics, plays and performances _b The politics of modern Indian theatre |
|
| 260 |
_aNew Delhi _bOxford Univer. press _c2006 |
||
| 300 |
_axiii, 366p _ccm. |
||
| 650 | _aTHEATRE; ARTS | ||
| 942 |
_hNT44,N, P6(MIL)-;1 _cTEXL _2CC |
||
| 999 |
_c279752 _d279752 |
||